Beatles Songs By Openings (HARD) - Statistics

General Stats
  • This quiz has been taken 36 times
  • The average score is 105 of 166
Answer Stats
Hint Answer % Correct
Ah, look at all the lonely people.
Ah, look at all the lonely people
Eleanor Rigby
89%
You say, yes,
I say, no,
You say, stop,
And I say, go, go, go
Hello, Goodbye
89%
___ _____,
Children at your feet,
Wonder how you manage to make ends meet
Lady Madonna
89%
When I find myself in times of trouble,
Mother Mary comes to me
Let It Be
89%
Picture yourself in a boat on a river
With tangerine trees and marmalade skies
Lucy In The Sky With Diamonds
89%
Desmond has his barrow in the marketplace,
Molly is the singer in a band
Ob-La-Di, Ob-La-Da
89%
It was 20 years ago today Sgt. Peppers Lonely Hearts Club Band
89%
_____ in the way she moves, attracts me like no other lover Something
89%
I read the news today, oh boy A Day In The Life
86%
It's been _ ___ ___ ____,
And I've been working like a dog
A Hard Day's Night
86%
Flew in from Miami Beach, B-O-A-C, didn't get to bed last night Back In The U.S.S.R.
86%
Jojo was a man who thought he was a loaner,
But he knew it couldn't last
Get Back
86%
___, I need somebody
___, not just anybody
Help!
86%
___ ____, don't make it bad,
Take a sad song and make it better
Hey Jude
86%
____, my belle,
These are words that go together well,
My ____
Michelle
86%
He's a real ____ ___,
Sitting in his nowhere land
Nowhere Man
86%
I'd like to be under the sea, in an ______ ______,
In the shade
Octopus's Garden
86%
____ ____,
There is a barber showing photographs
Penny Lane
86%
You say you want a _____, well, you know, we all wanna change the world Revolution
86%
Let me take you down,
'Cause im going to _______ _____
Strawberry Fields Forever
86%
When I get older,
Losing my hair,
Many years from now
When I'm Sixty-Four
86%
What would you do if I sang out of tune?
Would you stand up and walk out on me?
With A Little Help From My Friends
86%
In the town where I was born,
Lived a man who sailed to sea
Yellow Submarine
86%
____,
All my troubles seemed so far away
Yesterday
86%
Whenever, I want you around
Yeah, __ _ ___ __ __,
Is call you on the phone
All I've Got To Do
82%
_____ singing in the dead of night,
Take these broken wings and learn to fly
Blackbird
82%
Well, she was just seventeen I Saw Her Standing There
82%
Number nine, number nine, number nine, number nine, number nine Revolution 9
82%
I think I'm going to be sad,
I think it's today, yeah
Ticket To Ride
82%
Close your eyes, and I'll kiss you.
Tomorrow, I'll miss you
All My Loving
79%
There's nothing you can do that can't be done,
There's nothing you can sing that can't be sung
All You Need Is Love
79%
Here come old flat-top,
He come grooving up slowly
Come Together
79%
Got a good reason,
For taking the easy way out
Day Tripper
79%
Oh I need your love, babe,
Guess you know it's true
Eight Days A Week
79%
I am he as you are he as you are me I Am The Walrus
79%
__ _ ___ in love with you,
Would you promise to be true,
And help me understand?
If I Fell
79%
One day, you'll look, too see i've gone,
For tomorrow may rain, so __ _____ __ ___
I'll Follow The Sun
79%
There are places I'll remember, all my life In My Life
79%
Roll up, roll up for the ______ _______ ____,
Step right this way
Magical Mystery Tour
79%
I once had a girl, or should I say, she once had me Norwegian Wood
79%
Well, shake it up, baby, now Twist And Shout
79%
Try to see it my way,
Do I have to keep on talking 'til I can't go on?
We Can Work It Out
79%
You'll never know how much I really love you,
You'll never know how much I really care
Do You Want To Know A Secret?
75%
Da-da-da-da-da-da-dum-dum-da,
Da-da-da-da-da-da-dum-dum-da,
If there's anything that you want,
If there's anything I can do
From Me To You
75%
Now it's time to say ____ ____,
_____ _____, sleep tight
Good Night
75%
When I get to the bottom,
I go back to the top of the slide
Helter Skelter
75%
Now somewhere in the black mining hills of Dakota, there lived a young boy named _____ _____ Rocky Raccoon
75%
___ ____ ___, yeah, yeah yeah.
___ ____ ___, yeah, yeah, yeah
She Loves You
75%
One, two, three, four,
Let me tell you how it will be,
There's one for you, nineteen for me
Taxman
75%
Day after day, alone on a hill, the man with the foolish grin is keeping perfectly still The Fool On The Hill
75%
They say it's your _____,
Well, it's my ____ too, yeah
Birthday
71%
____,
My baby's got me locked up in _____,
And they ain't the kind that you can see
Chains
71%
Asked a girl what she wanted to be,
She said baby, can't you see
Drive My Car
71%
I was alone, I took a ride, I didn't know what I would find there Got To Get You Into My Life
71%
Oh yeah,
I'll tell you somethin',
I think you'll understand
I Want To Hold Your Hand
71%
I want you,
I want you so bad,
I want you,
I want you so bad
I Want You (She's So Heavy)
71%
Half of what I say is meaningless,
But I say it just to reach you ____
Julia
71%
It's been a ___, ____, ____, time,
How could I ever have lost you, when I loved you?
Long, Long, Long
71%
Joan was quizzical,
Studied pataphysical,
Science in the home
Maxwell's Silver Hammer
71%
If the ____ comes, they run and hide their heads,
They might as well be dead
Rain
71%
Just let me hear some of that ____ ___ ____ ____,
Any old way you choose it,
It's got a black beat, you can't lose it
Rock And Roll Music
71%
Wednesday morning at five o'clock as the day begins,
Silently closing her bedroom door
She's Leaving Home
71%
I look at you all,
See the love there that's sleeping
While My Guitar Gently Weeps
71%
Let's all get up and dance to a song,
That was a hit before your mother was born
Your Mother Should Know
71%
Words are flowing out like endless rain into a paper cup Across The Universe
68%
They're gonna put me in the movies,
They're gonna make a big star out of me
Act Naturally
68%
I give her all my love, that's all I do,
And if you saw my love, you'd love her too
And I Love Her
68%
____ _____, won't you come out to play?
____ ____, greet the brand new day
Dear Prudence
68%
I'm ____ _ ____ where the rain gets in,
And stops my mind from wandering
Fixing A Hole
68%
Once, there was a way, to get back homeward.
Once there was a way, to get back home
Golden Slumbers
68%
__ _____ is a pretty nice girl, but she doesn't have a lot to say Her Majesty
68%
I wanna be your lover, baby,
_ ____ __ ___ ___,
I wanna be your lover, baby,
_ ____ __ ___ ___.
I Wanna Be Your Man
68%
__! _____
Please believe me.
I'll never do you no harm
Oh! Darling
68%
Well, you should see ______ ___,
She's so good-looking, but she looks like a man
Polythene Pam
68%
Well, I'd rather see you dead, little girl,
Than be with another man
Run For Your Life
68%
Ahhhhh,
Here comes the ___ ____,
Here comes the ___ ____
Sun King
68%
There were bells on a hill,
But I never heard them ringing
Till There Was You
68%
She's got the ___ __ __ ____,
But her eyes they tantalise,
She's gonna tear your heart apart
Devil In Her Heart
64%
It's ____ ______ all the time,
I used to get mad at my school
(no I can't complain)
Getting Better
64%
To lead a better life,
I need my love to be here
Here, There And Everywhere
64%
Love, ___ __ __,
You know I love you,
I'll always be true
Love Me Do
64%
Have you seen the little _____ crawling in the dirt?
And for all the little _____, life is getting worse
Piggies
64%
Last night I said these words to my girl,
I know you never even try girl
Please Please Me
64%
As I write this letter, send my love to you,
Remember that I'll always be in love with you
P.S. I Love You
64%
That boy, took my love away,
Though he'll regret it someday,
But ___ __ wants you back again
This Boy
64%
______ the world is round,
It turns me on
Because
61%
____ __ __ ___,
Nobody ever loved me like she does,
Ooh she does,
Yes, she does
Don't Let Me Down
61%
Is there anybody going to listen to my story,
All about a girl who came to stay?
Girl
61%
Baby's been good to me, you know,
She's as happy as can be
I Feel Fine
61%
You know,
If you break my heart, I'll go,
But __ _ ___ again
I'll Be Back
61%
Before this dance is through, I think I'll love you too,
I'm so happy when you dance with me
I'm Happy Just To Dance With You
61%
You don't realise how much, _ ____ ___,
Love you all the time, never leave you.
I Need You
61%
___ ___ _ _____, a feeling deep inside,
Oh yeah, oh yeah, that's right
I've Got A Feeling
61%
My baby says she's trav'ling on the ___ ___ ___,
I said, move over, honey,
I'm travelling on that line
One After 909
61%
Wait! Oh yes, wait a minute, __ _____,
Wait! Wait, wait, wait, wait, __ _____
Please Mr. Postman
61%
____ ____, what have you done?
You made a fool of everyone
Sexy Sadie
61%
Standing in the dock at Southampton,
Trying to get to Holland or France
The Ballad Of John And Yoko
61%
Oh yeah!
Alright!
Are you going to be in my dreams tonight?
The End
61%
Honey pie,
Honey pie,
Honey pie,
Honey pie
Wild Honey Pie
61%
Two, three,
Yes, I'm lonely,
Want to die,
Yes, I'm lonely,
Want to die
Yer Blues
61%
Here I stand, head in hand, turn my face to the wall,
If she's gone I can't go on, feeling two foot small
You've Got To Hide Your Love Away
61%
One, two, three, four,
Can I have a little more?
Five, six, seven, eight, nine, ten,
I love you
All Together Now
57%
For I have got, _____ ___, _____ ___,
You're making me say that I've got nobody but you.
But as from today, well, I've got somebody that's new
Another Girl
57%
Sha-la-la-la-la-la-la,
It's not the way you smile,
That touched my heart
Baby It's You
57%
Your day breaks,
Your mind aches,
You find that all the words of kindness linger on
For No One
57%
I told you 'bout Strawberry Fields,
You know the place where nothing is real
Glass Onion
57%
When I wake up early in the morning
Lift my head,
I'm still yawning
I'm Only Sleeping
57%
Oh, dirty _____ __,
They have taken her away
Maggie Mae
57%
____ __ ____ sleeps in the park,
Shaves in the dark
Trying to save paper
Mean Mr. Mustard
57%
The best things in life are free,
But you can't keep 'em for the birds and bees
Money (That's What I Want)
57%
This happened once before, when I came to your door No Reply
57%
___ __ ___ you cried,
And why you lied to me.
___ __ ___ you cried,
And why you lied to me
Tell Me Why
57%
___ __ ___ riding nowhere,
Spending someone's hard-earned pay
Two Of Us
57%
It's been a long time, now I'm, coming back home,
I've been away now, oh, how I've been alone
Wait
57%
We were talking,
About the space between us all,
And the people,
Who hide themselves behind a wall of illusion
Within You Without You
57%
Oh, dear, what can I do?
____ __ ___ and I'm feeling blue,
Tell me, oh, what can I do?
Baby's In Black
54%
How does it feel to be one of the beautiful people? Baby, You're A Rich Man
54%
__ ____ ___,
Make your mother sigh,
Shes old enough to know better
Cry Baby Cry
54%
Like a rolling stone,
Like the FBI,
And the CIA
Dig It
54%
I listen for your footsteps,
Coming up the drive,
Listen for your footsteps,
But they don't arrive
Don't Pass Me By
54%
____ __ _ ___,
It's the next best thing to be,
____ __ _ ___.
Home (home), home and dry, like a homing bird
Free As A Bird
54%
She's not a girl who misses much,
Do do do do do do,
Oh yeah
Happiness Is A Warm Gun
54%
Sheepdog,
Standing in the rain,
Bullfrog,
Doing it again
Hey Bulldog
54%
She was a working girl,
North of England way,
(now she's hit the big time),
In the USA
Honey Pie
54%
Who knows how long I've loved you?
You know I love you still
I Will
54%
I said I'm sittin' here watchin',
______ hole in my clothes
Matchbox
54%
Creme tangerine and montelimat,
A ginger sling with a pineapple heart
Savoy Truffle
54%
I been told when a boy kiss a girl,
Take a trip around the world
Boys
50%
I ___ _ ___.
Well, you can celebrate anything you want.
Yes, you can celebrate anything you want, oh
Dig A Pony
50%
Ow! You make me ____ ___ ____,
The way you rock and roll.
You make me ____ ___ ____.,
When you do the stroll
Dizzy Miss Lizzy
50%
The world is treating me bad, ____.
I'm the kind of guy, who never used to cry,
The world is treating me bad ____.
Misery
50%
Born a poor young, country boy, _____ _____ ___ Mother Nature's Son
50%
Hey, _____ ___,
What did you kill, ____ ___?
The Continuing Story Of Bungalow Bill
50%
When I call,
You up,
Your line's engaged,
I have had enough, so act your age
You Won't See Me
50%
There's a fog upon LA,
And my friends have lost their way
Blue Jay Way
46%
It feels so right now ___ __ ____,
Tell me I'm the only one,
And then I might,
Never be the lonely one
Hold Me Tight
46%
Well, how come you say you will when you won't?,
Say you, do baby, when you dont?
Honey Don't
46%
I've got every reason on Earth to be mad,
'Cause I've just lost the only girl I had
I'll Cry Instead
46%
__ ______!
You came to me, one summer night,
And from your beam, you made my dream
Mr. Moonlight
46%
Turn off your mind,
Relax and float down stream
Tomorrow Never Knows
46%
I don't like you,
But I love you,
Seems that I'm always,
Thinking of you
You Really Got A Hold On Me
46%
I love you,
'Cause you tell me things I want to know,
And it's true that it really only goes to show
Ask Me Why
43%
Come on, come on, come on, come on.
Come on, it's such a joy
Everybody's Got Something To Hide Except Me and My Monkey
43%
You tell lies thinkin' I can't see,
You can't cry 'cause you're laughing at me
I'm Down
43%
Ah, ______ ___,
Going to get my baby back home, yeah,
Yeah, I'm gonna ______ ___.
Kansas City
43%
All my little plans and schemes,
Lost like some forgotten dreams,
Seems that all I really was doing, was waiting for you
Real Love
43%
___ ____, I know what it's like to be dead,
I know what it is to be said
She Said She Said
43%
You say you will love me,
If i have to go,
You'll be thinking of me,
Somehow I will know
Things We Said Today
43%
I got something to say that might cause you pain,
If I catch you talking to that boy again
You Can't Do That
43%
Since she's been gone, I want no one, to talk to me,
It's not the same, but I'm to blame
Don't Bother Me
39%
Well, they took some honey, from a tree,
Dressed it up and they called it me
Everybody's Trying To Be My Baby
39%
Because you're sweet and lovely, girl,
I love you.
Because you're sweet and lovely, girl,
It's true
For You Blue
39%
You know you made me cry,
I see no use in wondering why
Not A Second Time
39%
If you're listening to this song,
You may think the chords are going wrong,
But they're not
Only A Northern Song
39%
We're gonna write a little letter,
Gonna mail it to my local D.J.
Roll Over Beethoven
39%
When I'm walking beside her,
People tell me I'm lucky,
Yes, I know I'm a lucky guy
Every Little Thing
36%
I know it's true,
It's all because of you.
And if I make it through,
It's all because of you
Now And Then
36%
I get high when I see you go by,
My oh, my
It's Only Love
32%
Hold me close and,
Tell me how you feel,
Tell me love is real
Words of Love
32%
Each day just goes so fast,
I turn around, it's passed
Love You To
29%
I want a love that's right,
But right is only half of what's wrong.
I want a short haired girl,
Who sometimes wear it twice as long
Old Brown Shoe
29%
Well, come on pretty baby, won't you walk with me?
Come on, pretty baby, won't you talk with me?
Slow Down
29%
If you let me take your heart, I will prove to you,
We will never be apart, if I'm part of you
Tell Me What You See
29%
I've got a word or two,
To say about the things that you do
Think For Yourself
29%
Though you've gone away this morning,
You'll be back again tonight, telling me there'll be no next time
You Like Me Too Much
25%
To Jorma! It's All Too Much
21%
No matching quizzes found
Score Distribution
Percent of People with Each Score
Percentile by Number Answered
Your Score History
You have not taken this quiz